000 01002nam a2200241Ia 4500
003 OSt
005 20260430070757.0
008 160316s2009 xxu||||| |||| 00| 0 eng d
020 _a9788129113610
040 _cn
082 _a327.1 SIN
100 _aSingh Jaswant
245 _aA call to honour : In service of emergent India/
_bSingh Jaswant
260 _aNew Delhi :
_bRupa & Co,
_c2009,
300 _a426p
_cxxiv
365 _bRs. 395
505 _aABOUT THIS BOOK About the Book A Call to Honour: In Service of Emergent India is an evocative account about a crucial period in India’s history. After the passing of the Nehruvian era of conservative socialism and non-alignment in international relations, India went on to redefine its character and goals in accordance with the demands of a post Cold War world
650 _aSingh Jaswant - 1938
650 _aForeign Rrelations - India - 1984
650 _aPolitics & Government - India - 1977
700 _a
_a
942 _2ddc
_cBK
999 _c34227
_d34227